000 01647cam a22004694i 4500
003 PE-LiUPU
005 20250731173329.0
008 150625s1999 sp rb 000 0 spa d
020 _a8482600621
035 _a(Sirsi) i9788482600628
040 _aPE-LiUPU
_bspa
_cPE-LiUPU
_erda
049 _aPRUA
082 0 4 _a227.106
_bB94
_221
100 1 _aBurgos, Miguel de,
_eautor.
245 1 0 _aPablo, predicador del evangelio /
_cMiguel de Burgos.
264 1 _aSalamanca, Madrid :
_bEDIBESA,
_c1999.
300 _a368 páginas ;
_c24 centímetros
336 _atext
_2rdacontent
337 _aunmediated
_2rdamedia
338 _avolume
_2rdacarrier
504 _aIncluye bibliografía.
505 0 _aPablo y su vida apostólica -- Pablo y sus cartas a las comunidades.
526 _aSEG42
526 _aSEG41
526 _aSEG40
526 _aSEG39
526 _aP94
526 _aP87
526 _aP86
526 _aP85
526 _aP77
526 _aP76
526 _aP35
541 _g006-0035866;
600 1 _aPablo, Santo
630 _aBiblia.
_pN.T.
_pEpístolas de Pablo
_xCrítica e interpretación.
942 _2ddc
_cBOOK
949 _a227.106 B94
_wDEWEY
_c1
_i59144
_lCCODEBUL1
_mBUL
_p35.00
_r0
_sY
_tBOOK
_u2015-6-25
_xTEOLOGIA
_PP35
_0COMPRA
_o.STAFF. Colección General
994 _aC0
_bPEPRU
596 _a1
999 _a227.106 B94
_wDEWEY
_c47961
_i59144
_d47961
_e2019-8-27
_f2021-11-9
_g5
_lCCODEBUL1
_mBUL
_n2
_p35.00
_q3
_r0
_sY
_tBOOK
_u2015-6-25
_xTEOLOGIA
_PP35
_0COMPRA
_o.STAFF. Colección Teología
980 _81
_gALBERTO SANCHEZ Responsable de Automatización